[Event "Junior DM"]
[Site "Lyngby"]
[Date "1996.07.13"]
[Round "6"]
[White "Cole, Roland"]
[Black "Johansen, Terje"]
[Result "1/2-1/2"]
[WhiteElo "2215"]
[BlackElo "2375"]
[PlyCount "54"]
[EventDate "1996.??.??"]
[EventType "swiss"]
[EventRounds "9"]
[EventCountry "DEN"]

1. d4 d5 2. c4 c6 3. Nc3 e6 4. e4 dxe4 5. Nxe4 Nd7 6. Nf3 Ngf6 7. Bd3 Be7 8.
Qc2 b6 9. Bf4 Bb4+ 10. Nfd2 Nxe4 11. Bxe4 Bb7 12. Qa4 Bxd2+ 13. Bxd2 Qc7 14.
O-O O-O 15. Qc2 f5 16. Bf3 e5 17. dxe5 Nxe5 18. Be2 c5 19. Bf4 Qc6 20. f3 Rae8
21. Rae1 Ng6 22. Bg3 f4 23. Bf2 Ne5 24. Bd1 Rf6 25. Qc3 Rfe6 26. Bc2 Nf7 27.
Be4 Qc7 1/2-1/2

[Event "Junior DM"]
[Site "Lyngby"]
[Date "1996.07.13"]
[Round "6"]
[White "El Kher, Henrik"]
[Black "Berg, Emanuel"]
[Result "1/2-1/2"]
[WhiteElo "2200"]
[BlackElo "2215"]
[PlyCount "140"]
[EventDate "1996.??.??"]
[EventType "swiss"]
[EventRounds "9"]
[EventCountry "DEN"]

1. d4 e6 2. g3 f5 3. Bg2 Be7 4. Nh3 Nf6 5. O-O O-O 6. Nc3 d5 7. Bg5 c6 8. e3
Qe8 9. Nf4 Bb4 10. Bxf6 Rxf6 11. Nce2 Bd6 12. Nd3 Nd7 13. f4 b5 14. b3 a5 15.
Ne5 Nb6 16. c4 bxc4 17. bxc4 Bxe5 18. dxe5 Rf7 19. cxd5 cxd5 20. Qd4 Ba6 21.
Bf3 Nc4 22. Nc3 Kh8 23. Rfb1 Rc8 24. a4 Rfc7 25. Rb3 Qf8 26. Be2 h6 27. Nb5
Bxb5 28. axb5 Rb7 29. Ra4 Qc5 30. Bxc4 dxc4 31. Qxc5 Rxc5 32. Rc3 Rcxb5 33.
Raxc4 Rb1+ 34. Rc1 a4 35. Rxb1 Rxb1+ 36. Kg2 a3 37. Ra4 Ra1 38. e4 g6 39. exf5
gxf5 40. Ra6 a2 41. Ra7 Kg8 42. Kh3 Rc1 43. Rxa2 Kf7 44. Ra7+ Kg6 45. Ra6 Kf7
46. Kh4 Rc2 47. h3 Rc3 48. Ra7+ Kg6 49. Re7 Rc6 50. g4 Ra6 51. Rd7 Ra4 52. Re7
Ra6 53. Kg3 h5 54. g5 Rb6 55. Kf3 h4 56. Ke2 Ra6 57. Kd2 Ra2+ 58. Ke3 Ra3+ 59.
Kd2 Rf3 60. Rxe6+ Kg7 61. Ke2 Rxf4 62. Ke3 Ra4 63. Kf3 Re4 64. Rf6 Rxe5 65. Kf4
Ra5 66. Rh6 Rb5 67. Rf6 Ra5 68. Rxf5 Ra4+ 69. Kf3 Kg6 70. Rf4 Ra3+ 1/2-1/2

[Event "Junior DM"]
[Site "Lyngby"]
[Date "1996.07.13"]
[Round "6"]
[White "Johansen, Morten"]
[Black "Pedersen, Nicolai Vesterbaek"]
[Result "0-1"]
[WhiteElo "2220"]
[BlackElo "2290"]
[PlyCount "72"]
[EventDate "1996.??.??"]
[EventType "swiss"]
[EventRounds "9"]
[EventCountry "DEN"]

1. d4 d5 2. c4 e6 3. Nc3 Nf6 4. Bg5 c6 5. Nf3 dxc4 6. e4 b5 7. e5 h6 8. Bh4 g5
9. Nxg5 hxg5 10. Bxg5 Nbd7 11. exf6 Bb7 12. g3 c5 13. d5 Nxf6 14. Bg2 Be7 15.
O-O Nxd5 16. Bxe7 Kxe7 17. Nxb5 Qb6 18. Nc3 Nxc3 19. bxc3 Bxg2 20. Kxg2 Qc6+
21. f3 Rad8 22. Qe2 Rd3 23. h4 Qd6 24. Kh3 Rg8 25. Rg1 Qd5 26. Qe4 Rxf3 27.
Rae1 Qxe4 28. Rxe4 Rxc3 29. h5 f5 30. Rh4 Kf6 31. h6 Re3 32. Rxc4 Rh8 33. Rh4
Kg6 34. Rc1 Rxh6 35. Rxc5 Rxh4+ 36. Kxh4 Re2 0-1

[Event "Junior DM"]
[Site "Lyngby"]
[Date "1996.07.13"]
[Round "6"]
[White "Kludacz, Magdalena"]
[Black "Jensen, Bjarke"]
[Result "0-1"]
[WhiteElo "2150"]
[BlackElo "2245"]
[PlyCount "72"]
[EventDate "1996.??.??"]
[EventType "swiss"]
[EventRounds "9"]
[EventCountry "DEN"]

1. d4 Nf6 2. c4 g6 3. Nc3 Bg7 4. e4 d6 5. f3 O-O 6. Bg5 c5 7. d5 e6 8. Qd2 Qa5
9. a4 Na6 10. Nge2 Nb4 11. Nc1 a6 12. Ra3 Re8 13. Be2 exd5 14. cxd5 Nd7 15. O-O
Rb8 16. Nd3 Nxd3 17. Bxd3 Ne5 18. Be2 f5 19. Qc1 Nf7 20. Bd2 Qc7 21. Bd3 c4 22.
Bc2 b5 23. axb5 axb5 24. b4 cxb3 25. Rxb3 Bd7 26. Bd3 Rec8 27. Qb1 Ne5 28. Bxb5
Bxb5 29. Nxb5 Qc2 30. Bf4 fxe4 31. fxe4 Qc4 32. Rc1 Qe2 33. Rxc8+ Rxc8 34. Nxd6
Rf8 35. Rb8 Nf3+ 36. Kh1 Ne1 0-1

[Event "Junior DM"]
[Site "Lyngby"]
[Date "1996.07.13"]
[Round "6"]
[White "Kulaots, Kaido"]
[Black "Lyrberg, Patrik"]
[Result "0-1"]
[WhiteElo "2405"]
[BlackElo "2415"]
[PlyCount "74"]
[EventDate "1996.??.??"]
[EventType "swiss"]
[EventRounds "9"]
[EventCountry "DEN"]

1. e4 e5 2. Nf3 Nc6 3. d4 exd4 4. Nxd4 d6 5. Nc3 Nf6 6. Bb5 Bd7 7. Bxc6 Bxc6 8.
Qf3 Nd7 9. O-O Be7 10. Qg3 Bf6 11. Be3 O-O 12. Rad1 Re8 13. f3 Qe7 14. Qf2 Qe5
15. Rfe1 Qh5 16. Nde2 Bxc3 17. Nxc3 Ne5 18. Nd5 Bxd5 19. Rxd5 Qg6 20. b3 Re6
21. Bc1 Rae8 22. Kh1 f5 23. Qxa7 c5 24. Qxb7 fxe4 25. f4 Nf3 26. f5 Qh5 27.
gxf3 Qxf3+ 28. Kg1 e3 29. fxe6 Qf2+ 30. Kh1 Qf3+ 31. Kg1 Qf2+ 32. Kh1 Qxe1+ 33.
Kg2 Qf2+ 34. Kh3 Qf3+ 35. Kh4 Rf8 36. Bxe3 Qe4+ 37. Kh5 g6+ 0-1

[Event "Junior DM"]
[Site "Lyngby"]
[Date "1996.07.13"]
[Round "6"]
[White "Rowson, Jonathan"]
[Black "Sylvan, Jacob"]
[Result "1/2-1/2"]
[WhiteElo "2425"]
[BlackElo "2285"]
[PlyCount "53"]
[EventDate "1996.??.??"]
[EventType "swiss"]
[EventRounds "9"]
[EventCountry "DEN"]

1. e4 e5 2. Nf3 Nc6 3. Bb5 f5 4. Bxc6 dxc6 5. Nc3 Nf6 6. Qe2 Bd6 7. d3 O-O 8.
exf5 Bxf5 9. Bg5 Qe8 10. Bxf6 Rxf6 11. Ne4 Rf8 12. Nfd2 Qe6 13. Nc4 Bxe4 14.
dxe4 Bc5 15. f3 Rad8 16. Nd2 b5 17. c4 Bb4 18. O-O-O Rxd2 19. Rxd2 Bxd2+ 20.
Qxd2 Qxc4+ 21. Kb1 Qe6 22. Rd1 Qe7 23. Qd7 Qxd7 24. Rxd7 Rf7 25. Rd8+ Rf8 26.
Rd7 Rf7 27. Rd8+ 1/2-1/2

[Event "Junior DM"]
[Site "Lyngby"]
[Date "1996.07.13"]
[Round "6"]
[White "Schneider, Stefan"]
[Black "Macieja, Bartlomiej"]
[Result "0-1"]
[WhiteElo "2255"]
[BlackElo "2460"]
[PlyCount "58"]
[EventDate "1996.??.??"]
[EventType "swiss"]
[EventRounds "9"]
[EventCountry "DEN"]

1. Nf3 Nf6 2. g3 d5 3. c4 c5 4. cxd5 Nxd5 5. b3 Nc6 6. Bb2 f6 7. Nc3 e5 8. Nxd5
Qxd5 9. d3 c4 10. Bg2 Qa5+ 11. Kf1 c3 12. Bc1 Be6 13. Ne1 Rc8 14. Nc2 Be7 15.
h4 O-O 16. Bh3 Bxh3+ 17. Rxh3 f5 18. Bg5 Ba3 19. Nxa3 Qxa3 20. Qc1 Qb4 21. h5
f4 22. h6 Rf5 23. a3 Qd6 24. Bh4 Nd4 25. Qb1 c2 26. Qb2 Qc6 27. Rc1 Qc3 28. Qa2
Qd2 29. b4+ Rf7 0-1

[Event "Junior DM"]
[Site "Lyngby"]
[Date "1996.07.13"]
[Round "6"]
[White "Vovk, Oksana"]
[Black "Petersen, Steen"]
[Result "1/2-1/2"]
[WhiteElo "2195"]
[BlackElo "2150"]
[PlyCount "53"]
[EventDate "1996.??.??"]
[EventType "swiss"]
[EventRounds "9"]
[EventCountry "DEN"]

1. d4 Nf6 2. Nf3 b6 3. Bf4 Bb7 4. e3 e6 5. Bd3 c5 6. c3 d6 7. Nbd2 Be7 8. O-O
O-O 9. Qc2 h6 10. Rad1 Nbd7 11. h3 Qc7 12. Qb1 a6 13. e4 e5 14. Bh2 b5 15. b4
c4 16. Bc2 Nh5 17. Rfe1 g6 18. Nf1 Rfe8 19. Ne3 Bf8 20. Ng4 Bg7 21. Qc1 Kh7 22.
Qd2 Rad8 23. d5 Bc8 24. Ne3 Nf8 25. a4 Bd7 26. Ra1 Ra8 27. Kh1 1/2-1/2

[Event "Junior DM"]
[Site "Lyngby"]
[Date "1996.07.14"]
[Round "7"]
[White "Berg, Emanuel"]
[Black "Keller, Thomas"]
[Result "1/2-1/2"]
[WhiteElo "2215"]
[BlackElo "2155"]
[PlyCount "160"]
[EventDate "1996.??.??"]
[EventType "swiss"]
[EventRounds "9"]
[EventCountry "DEN"]

1. e4 c6 2. d4 d5 3. Nd2 dxe4 4. Nxe4 Nd7 5. Nf3 Ngf6 6. Ng3 e6 7. Bd3 Be7 8.
O-O O-O 9. Re1 b6 10. c3 Bb7 11. Qe2 c5 12. Ng5 Qc7 13. Nh5 Qc6 14. f4 cxd4 15.
cxd4 g6 16. Ng3 Nd5 17. Bb5 Qd6 18. N3e4 Qc7 19. Qg4 N7f6 20. Qh3 h5 21. Bd3
Nxe4 22. Bxe4 Bf6 23. Kh1 Rae8 24. Qd3 Bxg5 25. fxg5 Nb4 26. Qc3 Qxc3 27. bxc3
Bxe4 28. Rxe4 Nd3 29. Re3 Nxc1 30. Rxc1 Rc8 31. Kg1 Rc4 32. Kf2 Rfc8 33. Rd3 b5
34. Ke2 b4 35. Kd2 Kf8 36. Rb1 Rxc3 37. Rxc3 bxc3+ 38. Kd3 Rc6 39. Rc1 Ra6 40.
Rc2 Ra3 41. Kc4 h4 42. Kb4 Ra6 43. a4 Rd6 44. Kxc3 Rd5 45. Kd3 Rxg5 46. Ke3 Kg7
47. Kf4 Ra5 48. Rc4 g5+ 49. Kg4 Kg6 50. Rb4 Ra6 51. Rc4 Rb6 52. Rc5 f5+ 53. Kf3
Rb3+ 54. Kf2 Rb2+ 55. Kg1 Rd2 56. Ra5 Rxd4 57. Rxa7 Rd1+ 58. Kf2 Rd2+ 59. Kg1
Ra2 60. Ra8 g4 61. a5 Kg5 62. g3 h3 63. a6 Kf6 64. a7 Ke5 65. Kf1 Ke4 66. Re8
Rxa7 67. Rxe6+ Kf3 68. Re1 f4 69. Kg1 fxg3 70. Rf1+ Ke3 71. hxg3 Ra2 72. Kh1
Rg2 73. Re1+ Kf2 74. Re2+ Kxg3 75. Re3+ Kf4 76. Rf3+ Ke5 77. Re3+ Kd5 78. Rd3+
Ke5 79. Re3+ Kf5 80. Rf3+ gxf3 1/2-1/2

[Event "Junior DM"]
[Site "Lyngby"]
[Date "1996.07.14"]
[Round "7"]
[White "El Kher, Henrik"]
[Black "Kludacz, Magdalena"]
[Result "1/2-1/2"]
[WhiteElo "2200"]
[BlackElo "2150"]
[PlyCount "59"]
[EventDate "1996.??.??"]
[EventType "swiss"]
[EventRounds "9"]
[EventCountry "DEN"]

1. d4 d5 2. Nf3 c6 3. g3 Nf6 4. Bg2 Bf5 5. O-O e6 6. b3 Bd6 7. Bb2 O-O 8. Nbd2
Nbd7 9. h3 h6 10. Ne5 Qc7 11. Nxd7 Qxd7 12. c4 Rac8 13. Kh2 Rfe8 14. Re1 b5 15.
Bc3 Rb8 16. c5 Bc7 17. b4 Ne4 18. Nxe4 Bxe4 19. f3 Bh7 20. e4 Rbd8 21. Qb3 f6
22. Rad1 Qf7 23. e5 fxe5 24. dxe5 Ra8 25. a4 Reb8 26. a5 Rf8 27. Bd4 Rae8 28.
Qe3 Qf5 29. Rd2 Bd8 30. Rf2 1/2-1/2

[Event "Junior DM"]
[Site "Lyngby"]
[Date "1996.07.14"]
[Round "7"]
[White "Hoogendoorn, Joost"]
[Black "Bekker Jensen, David"]
[Result "1-0"]
[WhiteElo "2345"]
[BlackElo "2190"]
[PlyCount "53"]
[EventDate "1996.??.??"]
[EventType "swiss"]
[EventRounds "9"]
[EventCountry "DEN"]

1. e4 c5 2. c3 e5 3. Nf3 Nc6 4. Bb5 a6 5. Bxc6 dxc6 6. O-O Bg4 7. h3 Bxf3 8.
Qxf3 Nf6 9. Na3 Bd6 10. d3 O-O 11. Bg5 Be7 12. Rad1 Nd7 13. Bc1 Bg5 14. Be3 Qe7
15. Nc4 Bxe3 16. fxe3 Rad8 17. Qg3 b5 18. Nd2 g6 19. Nf3 c4 20. d4 exd4 21.
exd4 Qxe4 22. Ng5 Qe2 23. Rde1 Qh5 24. Re7 c5 25. Nxf7 Rde8 26. Rxd7 cxd4 27.
Qf4 1-0

[Event "Junior DM"]
[Site "Lyngby"]
[Date "1996.07.14"]
[Round "7"]
[White "Jensen, Bjarke"]
[Black "Bekker Jensen, Simon"]
[Result "1/2-1/2"]
[WhiteElo "2245"]
[BlackElo "2200"]
[PlyCount "55"]
[EventDate "1996.??.??"]
[EventType "swiss"]
[EventRounds "9"]
[EventCountry "DEN"]

1. e4 c5 2. Nf3 d6 3. d4 cxd4 4. Nxd4 Nf6 5. Nc3 a6 6. a4 Nc6 7. Be2 e5 8. Nb3
Be7 9. O-O O-O 10. Kh1 Nb4 11. f4 b6 12. Bf3 Bb7 13. Qe2 Qc7 14. Be3 Bc6 15.
Rfd1 Qb7 16. fxe5 dxe5 17. Bf2 Rad8 18. Bg3 Bd6 19. Rd2 Qe7 20. Rad1 Qe6 21.
Bh4 Bb7 22. a5 Be7 23. Nd5 Nbxd5 24. exd5 Bxd5 25. Bxd5 Rxd5 26. Rxd5 Nxd5 27.
Bxe7 Nxe7 28. axb6 1/2-1/2

[Event "Junior DM"]
[Site "Lyngby"]
[Date "1996.07.14"]
[Round "7"]
[White "Kauko, Jussi"]
[Black "Cole, Roland"]
[Result "0-1"]
[WhiteElo "2225"]
[BlackElo "2215"]
[PlyCount "100"]
[EventDate "1996.??.??"]
[EventType "swiss"]
[EventRounds "9"]
[EventCountry "DEN"]

1. c4 g6 2. Nc3 Bg7 3. g3 c5 4. Bg2 Nc6 5. a3 e6 6. d3 Nge7 7. Ne4 d5 8. Nxc5
Qa5+ 9. b4 Nxb4 10. Nb3 Qa4 11. axb4 Bxa1 12. Nxa1 Qxa1 13. Nf3 a5 14. O-O axb4
15. Qb3 Qc3 16. Nd2 O-O 17. cxd5 exd5 18. Bxd5 Nxd5 19. Qxd5 Be6 20. Qg5 f5 21.
Nb1 Qf6 22. Qd2 Qe7 23. Bb2 Rfc8 24. Qf4 Rc2 25. Qd4 Kf8 26. Qh8+ Bg8 27. Bf6
Qf7 28. Bd4 Rac8 29. e4 fxe4 30. dxe4 b6 31. Qe5 Qe6 32. Qf4+ Ke8 33. Nd2 Rc1
34. Nf3 Rxf1+ 35. Kxf1 Rd8 36. Kg2 Kd7 37. Ng5 Qc6 38. Nf3 Kc8 39. Be5 Kb7 40.
Nd4 Qc5 41. Qf6 Rd7 42. Nf3 b3 43. Bb2 Bc4 44. Nd4 Rf7 45. Qd8 Qf8 46. Qxf8
Rxf8 47. e5 Ra8 48. e6 Kc7 49. e7 Kd7 50. Nf3 Bd5 0-1

[Event "Junior DM"]
[Site "Lyngby"]
[Date "1996.07.14"]
[Round "7"]
[White "Kryzius, Kestutis"]
[Black "Schneider, Stefan"]
[Result "1/2-1/2"]
[WhiteElo "2240"]
[BlackElo "2255"]
[PlyCount "62"]
[EventDate "1996.??.??"]
[EventType "swiss"]
[EventRounds "9"]
[EventCountry "DEN"]

1. e4 Nf6 2. e5 Nd5 3. d4 d6 4. Nf3 g6 5. exd6 cxd6 6. Be2 Bg7 7. O-O O-O 8. h3
Nc6 9. c4 Nb6 10. Nc3 Bf5 11. Be3 d5 12. b3 dxc4 13. bxc4 Be6 14. d5 Bxc3 15.
Rc1 Bxd5 16. Bxb6 Qxb6 17. cxd5 Bb2 18. Rb1 Nd4 19. Nxd4 Qxd4 20. Qxd4 Bxd4 21.
Rxb7 Bc5 22. g3 Rfc8 23. Kg2 Bd6 24. Rfb1 Rc2 25. R1b2 Rac8 26. Bd1 Rxb2 27.
Rxb2 Rc1 28. Bb3 Kg7 29. Rc2 Rxc2 30. Bxc2 Kf6 31. f4 h5 1/2-1/2

[Event "Junior DM"]
[Site "Lyngby"]
[Date "1996.07.14"]
[Round "7"]
[White "Lyrberg, Patrik"]
[Black "Rowson, Jonathan"]
[Result "1/2-1/2"]
[WhiteElo "2415"]
[BlackElo "2425"]
[PlyCount "34"]
[EventDate "1996.??.??"]
[EventType "swiss"]
[EventRounds "9"]
[EventCountry "DEN"]

1. d4 Nf6 2. c4 g6 3. Nc3 d5 4. Nf3 Bg7 5. Bg5 c5 6. e3 cxd4 7. Nxd4 Nc6 8.
Ndb5 a6 9. cxd5 axb5 10. Bxb5 Nxd5 11. Nxd5 Be6 12. e4 Bxd5 13. Qxd5 Qa5+ 14.
Bd2 Qc7 15. Rc1 O-O 16. Bxc6 bxc6 17. Qxc6 Qxc6 1/2-1/2

[Event "Junior DM"]
[Site "Lyngby"]
[Date "1996.07.14"]
[Round "7"]
[White "Macieja, Bartlomiej"]
[Black "Sylvan, Jacob"]
[Result "1-0"]
[WhiteElo "2460"]
[BlackElo "2285"]
[PlyCount "49"]
[EventDate "1996.??.??"]
[EventType "swiss"]
[EventRounds "9"]
[EventCountry "DEN"]

1. e4 c5 2. Nf3 d6 3. d4 cxd4 4. Nxd4 Nf6 5. Nc3 g6 6. Be3 Bg7 7. f3 O-O 8. Qd2
Nc6 9. O-O-O d5 10. Qe1 e5 11. Nxc6 bxc6 12. exd5 Nxd5 13. Bc4 Be6 14. Bc5 Re8
15. Ne4 Qc7 16. h4 Nf4 17. Bxe6 Nxe6 18. Bd6 Qb6 19. h5 Rad8 20. hxg6 hxg6 21.
Qh4 Rxd6 22. Rxd6 Kf8 23. Rd7 Qb4 24. Rxf7+ Kg8 25. Rxg7+ 1-0

[Event "Junior DM"]
[Site "Lyngby"]
[Date "1996.07.14"]
[Round "7"]
[White "Pedersen, Nicolai Vesterbaek"]
[Black "Kulaots, Kaido"]
[Result "0-1"]
[WhiteElo "2290"]
[BlackElo "2405"]
[PlyCount "67"]
[EventDate "1996.??.??"]
[EventType "swiss"]
[EventRounds "9"]
[EventCountry "DEN"]

1. e4 c5 2. c3 d5 3. exd5 Qxd5 4. d4 Nf6 5. Nf3 g6 6. Qb3 cxd4 7. Nxd4 Bg7 8.
Be2 a6 9. O-O Qe5 10. Bf3 Qc7 11. Qa4+ Nbd7 12. Re1 e5 13. Bg5 O-O 14. Nc2 h6
15. Bxf6 Nxf6 16. Ne3 Rd8 17. Na3 Be6 18. Red1 Rxd1+ 19. Rxd1 Bf8 20. Nac4 Rc8
21. Nd2 Kg7 22. Ne4 Nd7 23. Nd2 f5 24. Bd5 Nb6 25. Qb3 Nxd5 26. Nxd5 Bxd5 27.
Qxd5 Rd8 28. Qe6 e4 29. g3 Qc5 30. Kg2 Qb5 31. Nxe4 Rxd1 32. Qf6+ Kg8 33. Qxg6+
Kh8 34. Nf6 0-1

[Event "Junior DM"]
[Site "Lyngby"]
[Date "1996.07.15"]
[Round "8"]
[White "Berg, Emanuel"]
[Black "Petersen, Steen"]
[Result "1-0"]
[WhiteElo "2215"]
[BlackElo "2150"]
[PlyCount "89"]
[EventDate "1996.??.??"]
[EventType "swiss"]
[EventRounds "9"]
[EventCountry "DEN"]

1. e4 Nf6 2. Nc3 d5 3. exd5 Nxd5 4. d4 Nxc3 5. bxc3 g6 6. Nf3 Bg7 7. Bc4 O-O 8.
O-O c6 9. Re1 Nd7 10. Ba3 Bf6 11. Qd2 b5 12. Bd3 Re8 13. Qh6 e5 14. Bd6 exd4
15. cxd4 Nf8 16. Be5 Ne6 17. d5 cxd5 18. Bxb5 Bxe5 19. Rxe5 Bd7 20. Rxd5 Qf6
21. Rad1 Bxb5 22. Rxb5 Rad8 23. Rf1 Rc8 24. Rb7 a5 25. Qd2 Rc5 26. Ra7 Qf5 27.
c3 Nf4 28. g3 Ne2+ 29. Kg2 Rxc3 30. Ne1 Qe4+ 31. f3 Qc4 32. Rxa5 Nd4 33. Rf2
Rc1 34. Ra4 Qxa4 35. Qxc1 Nf5 36. Qd2 Ne3+ 37. Kh1 Nc4 38. Qc1 Rd8 39. Qc2 Qb5
40. Qb3 Qd5 41. Re2 Qc6 42. Kg2 Qa6 43. Qc3 Nb6 44. Qe3 Nd5 45. Qf2 1-0

[Event "Junior DM"]
[Site "Lyngby"]
[Date "1996.07.15"]
[Round "8"]
[White "Cole, Roland"]
[Black "Kryzius, Kestutis"]
[Result "1/2-1/2"]
[WhiteElo "2215"]
[BlackElo "2240"]
[PlyCount "98"]
[EventDate "1996.??.??"]
[EventType "swiss"]
[EventRounds "9"]
[EventCountry "DEN"]

1. d4 e6 2. Nd2 c5 3. dxc5 Bxc5 4. Ne4 d5 5. Nxc5 Qa5+ 6. c3 Qxc5 7. e4 dxe4 8.
Be3 Qc7 9. Qa4+ Bd7 10. Qxe4 Nf6 11. Qc2 Bc6 12. f3 Nbd7 13. Ne2 O-O 14. Nd4
Nb6 15. Nxc6 Qxc6 16. Bd3 Nbd5 17. Bf2 Nf4 18. O-O Qd5 19. Rfd1 Qg5 20. Bg3 h5
21. Qd2 e5 22. Bf1 h4 23. Bf2 Rad8 24. Qe1 Nh3+ 25. Kh1 Nxf2+ 26. Qxf2 b6 27.
Rd3 Rxd3 28. Bxd3 Rd8 29. Rd1 e4 30. Be2 Rxd1+ 31. Bxd1 e3 32. Qe1 Nh5 33. Bc2
Nf4 34. g3 hxg3 35. hxg3 Qh6+ 36. Kg1 Ne6 37. f4 Nxf4 38. gxf4 Qxf4 39. Kg2
Qg4+ 40. Kh2 Qf3 41. Bd1 Qe4 42. Qe2 g6 43. Qf3 Qe5+ 44. Kg2 Kg7 45. Kf1 Qb5+
46. Qe2 Qd5 47. Ke1 Qh1+ 48. Qf1 Qh4+ 49. Ke2 Qc4+ 1/2-1/2

[Event "Junior DM"]
[Site "Lyngby"]
[Date "1996.07.15"]
[Round "8"]
[White "Johansen, Morten"]
[Black "Bekker Jensen, David"]
[Result "1-0"]
[WhiteElo "2220"]
[BlackElo "2190"]
[PlyCount "56"]
[EventDate "1996.??.??"]
[EventType "swiss"]
[EventRounds "9"]
[EventCountry "DEN"]

1. d4 Nf6 2. c4 g6 3. Nc3 Bg7 4. e4 d6 5. f3 O-O 6. Be3 c5 7. d5 e6 8. Nge2
exd5 9. cxd5 a6 10. a4 Nbd7 11. Ng3 Ne5 12. Be2 h5 13. O-O Nh7 14. Qd2 h4 15.
Nh1 f5 16. Nf2 Qf6 17. f4 Nf7 18. a5 Bd7 19. Ra3 Rae8 20. Rb3 Nd8 21. e5 dxe5
22. Bxc5 Rf7 23. Rb6 Ne6 24. dxe6 Bxe6 25. Nd5 Qd8 26. Rxe6 Rxe6 27. Ne7+ Rfxe7
28. Qxd8+ Re8 1-0

[Event "Junior DM"]
[Site "Lyngby"]
[Date "1996.07.15"]
[Round "8"]
[White "Kauko, Jussi"]
[Black "Vovk, Oksana"]
[Result "1-0"]
[WhiteElo "2225"]
[BlackElo "2195"]
[PlyCount "45"]
[EventDate "1996.??.??"]
[EventType "swiss"]
[EventRounds "9"]
[EventCountry "DEN"]

1. c4 Nf6 2. Nc3 e6 3. e4 Bb4 4. e5 Ng8 5. Qg4 g6 6. a3 Be7 7. d4 f5 8. Qg3 d6
9. Nf3 Nd7 10. Bf4 Nb6 11. h4 dxe5 12. dxe5 Bf8 13. h5 gxh5 14. Be2 Qe7 15. Ng5
Nh6 16. Bxh5+ Kd8 17. O-O-O+ Bd7 18. c5 Nc4 19. Qd3 Na5 20. Qb5 Kc8 21. Qxa5
Qxc5 22. Qxc5 Bxc5 23. Be2 1-0

[Event "Junior DM"]
[Site "Lyngby"]
[Date "1996.07.15"]
[Round "8"]
[White "Kludacz, Magdalena"]
[Black "Bircher, Roland"]
[Result "0-1"]
[WhiteElo "2150"]
[BlackElo "2150"]
[PlyCount "65"]
[EventDate "1996.??.??"]
[EventType "swiss"]
[EventRounds "9"]
[EventCountry "DEN"]

1. d4 Nf6 2. c4 e5 3. dxe5 Ne4 4. Nd2 Nc5 5. e4 Nc6 6. f4 f6 7. a3 a5 8. Rb1
fxe5 9. b4 axb4 10. axb4 Na4 11. b5 Nc3 12. Qf3 Nxb1 13. bxc6 Bb4 14. Qh5+ Kf8
15. cxb7 Bxb7 16. Qxe5 Qf6 17. Qb5 Bxd2+ 18. Bxd2 Nxd2 19. Qxb7 Qa1+ 20. Kxd2
Ra2+ 21. Ke3 Qxf1 22. Qb4+ Ke8 23. Nf3 Qf2+ 24. Kd3 c5 25. Qb8+ Kf7 26. Ne5+
Ke6 27. f5+ Ke7 28. Nc6+ dxc6 29. Qc7+ Kf6 30. Qd6+ Kg5 31. Qe7+ Kh5 32. g4+
Kxg4 33. h3+ 0-1

[Event "Junior DM"]
[Site "Lyngby"]
[Date "1996.07.15"]
[Round "8"]
[White "Kulaots, Kaido"]
[Black "Macieja, Bartlomiej"]
[Result "0-1"]
[WhiteElo "2405"]
[BlackElo "2460"]
[PlyCount "60"]
[EventDate "1996.??.??"]
[EventType "swiss"]
[EventRounds "9"]
[EventCountry "DEN"]

1. e4 c5 2. Nf3 d6 3. d4 cxd4 4. Nxd4 Nf6 5. Nc3 g6 6. Be3 Bg7 7. f3 O-O 8. Qd2
Nc6 9. Bc4 Bd7 10. O-O-O Ne5 11. Bb3 Rc8 12. h4 h5 13. Bg5 Rc5 14. Kb1 b5 15.
g4 a5 16. gxh5 Nxh5 17. Nd5 Re8 18. Nf4 Nxf4 19. Qxf4 Nc4 20. Bxc4 bxc4 21. c3
f6 22. Qg3 fxg5 23. hxg5 Qb6 24. f4 Rb8 25. Rh2 e5 26. Nf3 Rb5 27. Rdd2 Qe3 28.
Rxd6 Qxe4+ 29. Ka1 Bf5 30. Rd1 exf4 0-1

[Event "Junior DM"]
[Site "Lyngby"]
[Date "1996.07.15"]
[Round "8"]
[White "Pedersen, Nicolai Vesterbaek"]
[Black "Jensen, Bjarke"]
[Result "1-0"]
[WhiteElo "2290"]
[BlackElo "2245"]
[PlyCount "27"]
[EventDate "1996.??.??"]
[EventType "swiss"]
[EventRounds "9"]
[EventCountry "DEN"]

1. e4 c5 2. c3 d5 3. exd5 Qxd5 4. d4 Nf6 5. Nf3 Nc6 6. Be2 Bg4 7. c4 Qd8 8. d5
Nb8 9. h3 Bf5 10. Nc3 e6 11. Nh4 Be4 12. Bg5 exd5 13. cxd5 h6 14. Bxf6 1-0

[Event "Junior DM"]
[Site "Lyngby"]
[Date "1996.07.15"]
[Round "8"]
[White "Rowson, Jonathan"]
[Black "Johansen, Terje"]
[Result "1-0"]
[WhiteElo "2425"]
[BlackElo "2375"]
[PlyCount "83"]
[EventDate "1996.??.??"]
[EventType "swiss"]
[EventRounds "9"]
[EventCountry "DEN"]

1. e4 c6 2. Ne2 d5 3. e5 Bf5 4. Ng3 e6 5. Nxf5 exf5 6. d4 Nd7 7. Bd3 g6 8. Nd2
Bg7 9. Nf3 Nf8 10. O-O Ne6 11. b3 Ne7 12. Ba3 O-O 13. c4 Re8 14. Bd6 Nf4 15.
Re1 Nc8 16. c5 Nxd3 17. Qxd3 a6 18. a4 Qd7 19. b4 Na7 20. h4 h6 21. Qd2 Re6 22.
g3 Rae8 23. Kg2 Kh7 24. Rh1 Rh8 25. Qd3 Kg8 26. Bb8 Nc8 27. b5 axb5 28. axb5
Kh7 29. bxc6 Rxc6 30. Bd6 b6 31. h5 Re8 32. hxg6+ fxg6 33. e6 Qb7 34. Bf4 bxc5
35. Bxh6 Bxh6 36. Ng5+ Kg7 37. Rxh6 Rh8 38. Rxh8 Kxh8 39. dxc5 Rc7 40. Qd4+ Kg8
41. Rh1 Rg7 42. Nf7 1-0

[Event "Junior DM"]
[Site "Lyngby"]
[Date "1996.07.15"]
[Round "8"]
[White "Schneider, Stefan"]
[Black "Hoogendoorn, Joost"]
[Result "1/2-1/2"]
[WhiteElo "2255"]
[BlackElo "2345"]
[PlyCount "27"]
[EventDate "1996.??.??"]
[EventType "swiss"]
[EventRounds "9"]
[EventCountry "DEN"]

1. d4 c5 2. d5 Nf6 3. Nc3 d6 4. e4 g6 5. Nf3 Bg4 6. Be2 Nbd7 7. O-O Bg7 8. h3
Bxf3 9. Bxf3 O-O 10. Bf4 a6 11. a4 b6 12. Be2 Ne8 13. Qd2 Nc7 14. Rab1 1/2-1/2

[Event "Junior DM"]
[Site "Lyngby"]
[Date "1996.07.16"]
[Round "9"]
[White "Bekker Jensen, David"]
[Black "Kludacz, Magdalena"]
[Result "1-0"]
[WhiteElo "2190"]
[BlackElo "2150"]
[PlyCount "37"]
[EventDate "1996.??.??"]
[EventType "swiss"]
[EventRounds "9"]
[EventCountry "DEN"]

1. d4 d5 2. c4 c6 3. Nc3 Nf6 4. e3 Bf5 5. cxd5 cxd5 6. Qb3 Qd7 7. Bb5 Nc6 8.
Nf3 a6 9. Bxc6 bxc6 10. O-O Qc7 11. Ne5 Ng4 12. Nxd5 cxd5 13. Qxd5 Qc8 14.
Qxf7+ Kd8 15. Bd2 a5 16. Qd5+ Ke8 17. Rac1 Qa6 18. Qf7+ Kd8 19. Nc6+ 1-0

[Event "Junior DM"]
[Site "Lyngby"]
[Date "1996.07.16"]
[Round "9"]
[White "Bekker Jensen, Simon"]
[Black "El Kher, Henrik"]
[Result "1/2-1/2"]
[WhiteElo "2200"]
[BlackElo "2200"]
[PlyCount "53"]
[EventDate "1996.??.??"]
[EventType "swiss"]
[EventRounds "9"]
[EventCountry "DEN"]

1. d4 d5 2. c4 dxc4 3. Nf3 a6 4. e4 b5 5. a4 Bb7 6. axb5 axb5 7. Rxa8 Bxa8 8.
Nc3 e6 9. Nxb5 Bxe4 10. Bxc4 Bb4+ 11. Nc3 Ne7 12. O-O Bxf3 13. Qxf3 O-O 14. Rd1
c6 15. Bg5 Qa5 16. Ne4 Qf5 17. Qb3 Qxe4 18. Qxb4 Nd5 19. Qd2 h6 20. Bd3 Qg4 21.
Be3 Nd7 22. Rc1 Rc8 23. f3 Qh4 24. Bf2 Qf4 25. Qxf4 Nxf4 26. Ba6 Rb8 27. Bg3
1/2-1/2